• AIU
  • Tony Wilmot Memorial Library
Normal view MARC view

Entry Topical Term

Number of records used in: 1

001 - CONTROL NUMBER

  • control field: 37787

003 - CONTROL NUMBER IDENTIFIER

  • control field: OSt

005 - DATE AND TIME OF LATEST TRANSACTION

  • control field: 20150803092845.0

008 - FIXED-LENGTH DATA ELEMENTS

  • fixed length control field: 150803|| aca||aabn | a|a d

040 ## - CATALOGING SOURCE

  • Original cataloging agency: OSt
  • Transcribing agency: OSt

600 ## -

  • : Church work with alcoholics.

670 ## - SOURCE DATA FOUND

  • Source citation: Work cat.: (OSt)0: Weaver, Andrew J., 1947- 31827, Pastoral care of alcohol abusers /, c2009.